000 00389nam a2200157 i 4500
001 bg
100 1 _aLITMANOWICZ, Władysław.
245 0 0 _aSzachy od A do Z.
_nT.1,
_pA-M /
_cW. Litmanowicz, J. Giżycki.
260 _aWarszawa,
_c1986.
700 1 _aGIŻYCKI, Jerzy.
040 _cBPK
041 _apol
080 _a794.1
942 _cKS
008 s pl f |000 0 pol
999 _c23388
_d23388
856 _uhttp://koha.tu.koszalin.pl/cgi-bin/koha/opac-detail.pl?biblionumber=23388
_yKatalog online BPK